[Event "Cheliabinsk Panchenko Memorial op-B"]
[Site "Cheliabinsk"]
[Date "2022.09.16"]
[Round "5"]
[White "Baisalova, Aigul"]
[Black "Musaeva, Shakhnazi"]
[Result "0-1"]
[WhiteElo "1884"]
[BlackElo "1599"]
[PlyCount "38"]
[EventDate "2022.09.12"]
[EventType "swiss"]
[EventRounds "10"]
[EventCountry "RUS"]
[SourceTitle "CBM 210 Extra"]
[Source "ChessBase"]
[SourceDate "2022.11.30"]
[SourceVersion "1"]
[SourceVersionDate "2022.11.30"]
[SourceQuality "1"]

1. d4 d5 2. c4 c6 3. Nc3 Nf6 4. Bf4 e6 5. e3 Bd6 6. Bxd6 Qxd6 7. c5 Qc7 8. f4 b6 9. b4 bxc5 10. bxc5 Qa5 11. Qd2 Ba6 12. Nf3 Bxf1 13. Rxf1 Nbd7 14. Kf2 Qxc3 15. Qxc3 Ne4+ 16. Ke2 Nxc3+ 17. Kd3 Ne4 18. Rab1 0-0 19. Rb7 Ndxc5+ 0-1

[Event "Cheliabinsk Panchenko Memorial op-B"]
[Site "Cheliabinsk"]
[Date "2022.09.15"]
[Round "4"]
[White "Miftakhova, Azalia"]
[Black "Baisalova, Aigul"]
[Result "0-1"]
[WhiteElo "1511"]
[BlackElo "1884"]
[PlyCount "84"]
[EventDate "2022.09.12"]
[EventType "swiss"]
[EventRounds "10"]
[EventCountry "RUS"]
[SourceTitle "CBM 210 Extra"]
[Source "ChessBase"]
[SourceDate "2022.11.30"]
[SourceVersion "1"]
[SourceVersionDate "2022.11.30"]
[SourceQuality "1"]

1. e4 c6 2. d4 d5 3. exd5 cxd5 4. Bd3 Nf6 5. h3 Nc6 6. c3 e6 7. Nf3 Bd6 8. 0-0 Bd7 9. Nbd2 0-0 10. Qe2 Nh5 11. Nb3 Nf4 12. Bxf4 Bxf4 13. Ne5 Nxe5 14. dxe5 Qc7 15. Rae1 g6 16. g3 Bh6 17. Nd4 a6 18. f4 Rae8 19. Nf3 Bg7 20. h4 Qb6+ 21. Kh2 Rc8 22. Kg2 Rc5 23. Nd4 Rfc8 24. Rf3 R5c7 25. h5 Be8 26. Rh1 Bf8 27. hxg6 fxg6 28. g4 Bc5 29. Nb3 d4 30. cxd4 Bxd4 31. f5 exf5 32. gxf5 Bc6 33. fxg6 Bxf3+ 34. Qxf3 Bxb2 35. Bc4+ Kh8 36. Qh5 Qc6+ 37. Kg3 Qxc4 38. Qf5 Qc3+ 39. Kg4 Rc4+ 40. Kg5 Qg3+ 41. Kf6 Rf8+ 42. Ke7 Rxf5 0-1

[Event "Zudov Memorial-B 6th"]
[Site "Nizhnij Tagil"]
[Date "2010.06.27"]
[Round "2"]
[White "Trubitsyna, Yulia"]
[Black "Baisalova, Aigul"]
[Result "0-1"]
[WhiteElo "2067"]
[BlackElo "2082"]
[PlyCount "60"]
[EventDate "2010.06.25"]
[EventType "tourn"]
[EventRounds "9"]
[EventCountry "RUS"]
[SourceTitle "EXT 2011"]
[Source "ChessBase"]
[SourceDate "2010.11.26"]
[SourceVersion "1"]
[SourceVersionDate "2010.11.26"]
[SourceQuality "1"]

1. g3 d5 2. Bg2 c5 3. Nf3 Nc6 4. 0-0 Nf6 5. d3 g6 6. Nc3 Bg7 7. Rb1 0-0 8. a3 e5 9. e4 d4 10. Na4 Qd6 11. b4 cxb4 12. axb4 b5 13. Nc5 a5 14. Bd2 Nxb4 15. Bxb4 axb4 16. Nb3 Bd7 17. Nbxd4 exd4 18. e5 Qc5 19. exf6 Bxf6 20. Nd2 Ra4 21. Ne4 Qb6 22. Nxf6+ Qxf6 23. Qd2 Qd6 24. h4 h5 25. Rfe1 Rc8 26. Qg5 Kg7 27. Re2 Bg4 28. Re7 Rxc2 29. Qxb5 Raa2 30. Qxb4 Qf6 0-1

[Event "Anapa (Women)"]
[Site "Anapa"]
[Date "2009.09.03"]
[Round "5"]
[White "Baisalova, Aigul"]
[Black "Tarleva, Vira"]
[Result "1-0"]
[WhiteElo "2100"]
[BlackElo "2102"]
[PlyCount "119"]
[EventDate "2009.08.30"]
[EventType "tourn"]
[EventRounds "13"]
[EventCountry "RUS"]
[SourceTitle "CBM 132 Extra"]
[Source "ChessBase"]
[SourceDate "2009.11.03"]
[SourceVersion "1"]
[SourceVersionDate "2009.11.03"]
[SourceQuality "1"]

1. e4 c5 2. Nf3 d6 3. d4 cxd4 4. Nxd4 Nf6 5. Nc3 Nc6 6. Be2 e5 7. Nb3 Be7 8. Be3 a5 9. Nd5 Nxd5 10. exd5 a4 11. dxc6 axb3 12. cxb7 Bxb7 13. axb3 Rxa1 14. Qxa1 0-0 15. 0-0 d5 16. c3 f5 17. f3 Qc7 18. Qc1 f4 19. Bf2 e4 20. Bd4 Bc5 21. Bxc5 Qxc5+ 22. Kh1 e3 23. b4 Qe7 24. g3 fxg3 25. hxg3 Qe5 26. Kg2 Rf6 27. Qd1 Rg6 28. g4 d4 29. Qxd4 Qxd4 30. cxd4 Rxg4+ 31. Kh3 Rxd4 32. b5 Rd2 33. Re1 Bd5 34. b4 g5 35. Kg4 Rd4+ 36. Kxg5 Rxb4 37. f4 Rb2 38. Bd3 Rg2+ 39. Kf5 Rg3 40. Ke5 Bb7 41. Bc4+ Kf8 42. Bd5 Bxd5 43. Kxd5 Ke7 44. Kc6 Kd8 45. Kb7 h5 46. b6 h4 47. Ka7 e2 48. Rxe2 h3 49. b7 Ra3+ 50. Kb8 Rg3 51. Ra2 Rg2 52. Ra3 h2 53. Rh3 Rf2 54. Rh7 Rxf4 55. Rxh2 Ra4 56. Rd2+ Ke7 57. Kc7 Rc4+ 58. Kb6 Rb4+ 59. Kc6 Rb1 60. Rd5 1-0

[Event "Anapa (Women)"]
[Site "Anapa"]
[Date "2009.09.01"]
[Round "3"]
[White "Baisalova, Aigul"]
[Black "Fomichenko, Svetlana"]
[Result "0-1"]
[WhiteElo "2100"]
[BlackElo "2245"]
[PlyCount "136"]
[EventDate "2009.08.30"]
[EventType "tourn"]
[EventRounds "13"]
[EventCountry "RUS"]
[SourceTitle "CBM 132 Extra"]
[Source "ChessBase"]
[SourceDate "2009.11.03"]
[SourceVersion "1"]
[SourceVersionDate "2009.11.03"]
[SourceQuality "1"]

1. e4 c5 2. Nf3 Nc6 3. d4 cxd4 4. Nxd4 e5 5. Nb5 d6 6. c4 Be7 7. N1c3 a6 8. Na3 Be6 9. Be2 Bg5 10. 0-0 Bxc1 11. Rxc1 Nf6 12. Nc2 0-0 13. Qd2 Rc8 14. Rfd1 Qb6 15. b3 Rfd8 16. Bd3 Qa7 17. Kh1 Qb8 18. Rf1 b5 19. Nd5 Bxd5 20. exd5 Ne7 21. Qe2 bxc4 22. bxc4 Re8 23. Rb1 Qc7 24. Ne3 e4 25. Bc2 Ng6 26. Ba4 Rf8 27. f3 Qa5 28. Bb3 Rfe8 29. f4 Qa3 30. Nc2 Qc5 31. Qe3 Qc7 32. Nd4 Qd7 33. h3 Qa7 34. Kh2 a5 35. Rfc1 Nxf4 36. Qxf4 Qxd4 37. Qxd6 e3 38. Qg3 Ne4 39. Qf4 g5 40. Qf5 h6 41. Ba4 Nd6 42. Qf3 Re7 43. c5 Rxc5 44. Rxc5 Qxc5 45. Qf6 Qc7 46. g3 Ne4 47. Qf3 Nd2 48. Qf6 Ne4 49. Qf3 e2 50. Re1 Qc3 51. Qxc3 Nxc3 52. Bb3 Rc7 53. a4 Kf8 54. Kg2 Ke7 55. Kf3 Kd6 56. Kg4 Ke5 57. h4 gxh4 58. gxh4 Ke4 59. d6 Rd7 60. Bc4 Ke3 61. Bxe2 Nxe2 62. Rd1 Nc3 63. Re1+ Kf2 64. Re7 Rxd6 65. Rxf7+ Kg2 66. Rf5 Rd5 67. Rf6 h5+ 68. Kf4 Rd4+ 0-1

[Event "Anapa (Women)"]
[Site "Anapa"]
[Date "2009.08.30"]
[Round "1"]
[White "Baisalova, Aigul"]
[Black "Kalenik, Roman"]
[Result "0-1"]
[WhiteElo "2100"]
[BlackElo "2279"]
[PlyCount "84"]
[EventDate "2009.08.30"]
[EventType "tourn"]
[EventRounds "13"]
[EventCountry "RUS"]
[SourceTitle "CBM 132 Extra"]
[Source "ChessBase"]
[SourceDate "2009.11.03"]
[SourceVersion "1"]
[SourceVersionDate "2009.11.03"]
[SourceQuality "1"]

1. e4 c6 2. d4 d5 3. Nc3 dxe4 4. Nxe4 Nd7 5. Bd3 Ngf6 6. Nf3 Nxe4 7. Bxe4 Nf6 8. Bd3 Bg4 9. c3 e6 10. Qe2 Qd5 11. Bd2 Bxf3 12. gxf3 0-0-0 13. Be4 Qh5 14. Be3 Bd6 15. h4 h6 16. Qc2 Nxe4 17. fxe4 Qf3 18. Kd2 e5 19. Qd3 exd4 20. cxd4 Rhe8 21. Rad1 Bf4 22. Kc1 Qxe4 23. Qxe4 Rxe4 24. Rde1 Rexd4 25. Rhg1 g6 26. h5 g5 27. Bxf4 Rxf4 28. Rgf1 Rh4 29. Re7 Rd7 30. Re8+ Kc7 31. a3 f5 32. Rh8 Rxh5 33. f4 g4 34. Kc2 Rg7 35. Kd2 Rh2+ 36. Ke3 g3 37. b4 h5 38. a4 h4 39. Rh5 g2 40. Rg1 Rh1 41. Kf2 h3 42. Rxf5 Rxg1 0-1

[Event "Cheliabinsk op 08"]
[Site "Cheliabinsk"]
[Date "2009.08.13"]
[Round "7"]
[White "Volozhanin, Boris"]
[Black "Baisalova, Aigul"]
[Result "0-1"]
[WhiteElo "1793"]
[BlackElo "2100"]
[PlyCount "64"]
[EventDate "2009.08.08"]
[EventType "swiss"]
[EventRounds "9"]
[EventCountry "RUS"]
[SourceTitle "CBM 132 Extra"]
[Source "ChessBase"]
[SourceDate "2009.11.03"]
[SourceVersion "1"]
[SourceVersionDate "2009.11.03"]
[SourceQuality "1"]

1. e4 c5 2. c3 e6 3. d4 d5 4. Nd2 cxd4 5. cxd4 Nc6 6. Bb5 Qb6 7. Bxc6+ bxc6 8. Ne2 Nf6 9. e5 Nd7 10. 0-0 Ba6 11. Re1 Bxe2 12. Qxe2 Qxd4 13. Nb3 Qb6 14. Qg4 a5 15. Re3 a4 16. Nd4 c5 17. Nc2 d4 18. Re4 Qc6 19. Re1 g6 20. Na3 Bg7 21. Nc4 0-0 22. Bf4 Nb6 23. Nd6 Nd5 24. Ne4 h5 25. Qf3 Qb6 26. Rab1 Rab8 27. h4 c4 28. g4 hxg4 29. Qxg4 d3 30. Ng5 Nxf4 31. Qxf4 f6 32. h5 fxg5 0-1

[Event "Cheliabinsk op 08"]
[Site "Cheliabinsk"]
[Date "2009.08.10"]
[Round "3"]
[White "Akst, Ilia"]
[Black "Baisalova, Aigul"]
[Result "0-1"]
[WhiteElo "2238"]
[BlackElo "2100"]
[PlyCount "90"]
[EventDate "2009.08.08"]
[EventType "swiss"]
[EventRounds "9"]
[EventCountry "RUS"]
[SourceTitle "CBM 132 Extra"]
[Source "ChessBase"]
[SourceDate "2009.11.03"]
[SourceVersion "1"]
[SourceVersionDate "2009.11.03"]
[SourceQuality "1"]

1. e4 c5 2. Nf3 e6 3. d4 cxd4 4. Nxd4 a6 5. c4 Qc7 6. Nc3 Nf6 7. a3 Nc6 8. Be3 Be7 9. Be2 0-0 10. 0-0 d6 11. Rc1 Bd7 12. f4 Rad8 13. b4 e5 14. Nb3 exf4 15. Bxf4 Be6 16. Kh1 Ne5 17. Nd5 Bxd5 18. exd5 Ng6 19. Nd4 Nxf4 20. Rxf4 Nd7 21. Nf5 Bf6 22. Bd3 Ne5 23. Bb1 g6 24. Rc3 Bg5 25. Rf1 gxf5 26. Rg3 f6 27. h4 f4 28. Rxf4 h6 29. Qh5 Qg7 30. Rf5 Nf7 31. hxg5 fxg5 32. c5 Rfe8 33. Kh2 Re5 34. c6 bxc6 35. dxc6 Rc8 36. Rxe5 Nxe5 37. Ba2+ Kf8 38. Bd5 Ke7 39. a4 Rb8 40. Qh3 g4 41. Qh4+ Ke8 42. Re3 Rxb4 43. Qg3 Kd8 44. Rb3 Rxb3 45. Qxb3 Nxc6 0-1

[Event "Cheliabinsk op 08"]
[Site "Cheliabinsk"]
[Date "2009.08.09"]
[Round "2"]
[White "Baisalova, Aigul"]
[Black "Popov, Alexander A"]
[Result "1-0"]
[WhiteElo "2100"]
[BlackElo "1831"]
[PlyCount "81"]
[EventDate "2009.08.08"]
[EventType "swiss"]
[EventRounds "9"]
[EventCountry "RUS"]
[SourceTitle "CBM 132 Extra"]
[Source "ChessBase"]
[SourceDate "2009.11.03"]
[SourceVersion "1"]
[SourceVersionDate "2009.11.03"]
[SourceQuality "1"]

1. e4 c5 2. Nf3 d6 3. d4 cxd4 4. Nxd4 Nf6 5. Nc3 a6 6. Be2 e6 7. 0-0 Be7 8. Be3 Qc7 9. Kh1 Nbd7 10. f4 b5 11. a3 Bb7 12. Bf3 Rc8 13. Bf2 0-0 14. Qe2 Nb6 15. Nd1 Rfe8 16. c3 g6 17. e5 dxe5 18. Bxb7 Qxb7 19. fxe5 Nfd5 20. Bg3 Bf8 21. Nf2 Nc4 22. Ne4 Nce3 23. Nf6+ Nxf6 24. Qxe3 Nd5 25. Qe2 Bg7 26. Rf2 Ne7 27. Bf4 Nf5 28. Nf3 Rc4 29. Nd2 Rc7 30. Ne4 Rc4 31. Re1 Rd8 32. h3 Qd5 33. Qf3 Bxe5 34. Rd2 Rxe4 35. Rxe4 Bxf4 36. Rxd5 Rxd5 37. Rxf4 Rd2 38. Rb4 h5 39. g4 hxg4 40. hxg4 Nd6 41. Rd4 1-0

[Event "Cheliabinsk Cup"]
[Site "Cheliabinsk"]
[Date "2008.09.10"]
[Round "9"]
[White "Tangatarov, Timur"]
[Black "Baisalova, Aigul"]
[Result "1-0"]
[WhiteElo "2159"]
[BlackElo "2075"]
[PlyCount "59"]
[EventDate "2008.09.02"]
[EventType "swiss"]
[EventRounds "9"]
[EventCountry "RUS"]
[SourceTitle "EXT 2010"]
[Source "ChessBase"]
[SourceDate "2010.11.25"]
[SourceVersion "1"]
[SourceVersionDate "2010.11.25"]
[SourceQuality "1"]

1. e4 c5 2. Nf3 e6 3. d4 cxd4 4. Nxd4 a6 5. Nc3 Qc7 6. Be2 Nf6 7. 0-0 Nc6 8. Kh1 Nxd4 9. Qxd4 Bc5 10. Qd3 d6 11. f4 Bd7 12. Be3 Bb4 13. e5 dxe5 14. fxe5 Bxc3 15. bxc3 Nd5 16. c4 Nxe3 17. Qxe3 Bc6 18. Qg5 g6 19. Rad1 h6 20. Qf6 Rg8 21. Rd6 Qe7 22. Qf4 Rh8 23. Bf3 Bxf3 24. Qxf3 Rh7 25. Rb1 Rb8 26. Qd3 Qg5 27. Rd7 h5 28. Qd6 Ra8 29. Rdxb7 h4 30. Rb8+ 1-0

[Event "Cheliabinsk Region-ch op"]
[Site "Cheliabinsk"]
[Date "2008.08.28"]
[Round "9"]
[White "Sotnikov, Alexander I"]
[Black "Baisalova, Aigul"]
[Result "0-1"]
[WhiteElo "2283"]
[BlackElo "2075"]
[PlyCount "114"]
[EventDate "2008.08.03"]
[EventType "swiss"]
[EventRounds "9"]
[EventCountry "RUS"]
[SourceTitle "EXT 2022"]
[Source "ChessBase"]
[SourceDate "2021.10.06"]
[SourceVersion "1"]
[SourceVersionDate "2021.10.06"]
[SourceQuality "1"]

1. Nf3 d5 2. c4 c6 3. Qc2 Nf6 4. b3 g6 5. Bb2 Bf5 6. d3 Bg7 7. h3 h5 8. Nbd2 0-0 9. Rc1 Na6 10. Bc3 c5 11. cxd5 Bd7 12. e4 Nb4 13. Qb2 Bb5 14. Nc4 e6 15. dxe6 fxe6 16. Nfe5 Kh7 17. Be2 Bxc4 18. bxc4 Nd7 19. Nf3 Bxc3+ 20. Rxc3 Nb6 21. Qd2 Qf6 22. 0-0 Nc6 23. Rb3 Rab8 24. Qb2 Qxb2 25. Rxb2 Kh6 26. Rfb1 g5 27. a3 Rf7 28. Bd1 Rd8 29. Bc2 g4 30. hxg4 hxg4 31. Nh2 Kg5 32. Rb5 Nd7 33. Rxb7 Rh7 34. Rf1 Rdh8 35. f4+ Kh4 36. Nxg4 Kxg4 37. Bd1+ Kg3 38. Rf3+ Kg4 39. Kf2 Nd4 40. Rh3+ Kxf4 41. Rxd7 Rxh3 42. Rf7+ Ke5 43. gxh3 Rxh3 44. Bf3 Rxf3+ 45. Rxf3 Nxf3 46. Kxf3 Kd4 47. Ke2 Kc3 48. e5 a5 49. Ke3 a4 50. Ke4 Kb3 51. d4 Kxc4 52. d5 exd5+ 53. Kf3 Kb5 54. Kf4 Kc6 55. Kf5 Kd7 56. Kf6 Ke8 57. Kf5 Ke7 0-1

[Event "Cheliabinsk Region-ch op"]
[Site "Cheliabinsk"]
[Date "2008.08.26"]
[Round "8"]
[White "Baisalova, Aigul"]
[Black "Simonova, Tatiana"]
[Result "1-0"]
[WhiteElo "2075"]
[BlackElo "1969"]
[PlyCount "55"]
[EventDate "2008.08.03"]
[EventType "swiss"]
[EventRounds "9"]
[EventCountry "RUS"]
[SourceTitle "EXT 2022"]
[Source "ChessBase"]
[SourceDate "2021.10.06"]
[SourceVersion "1"]
[SourceVersionDate "2021.10.06"]
[SourceQuality "1"]

1. e4 e6 2. d4 d5 3. Nd2 c5 4. dxc5 Bxc5 5. Nb3 Qb6 6. Nxc5 Qxc5 7. e5 Nc6 8. Nf3 Nge7 9. Bd3 Qb4+ 10. c3 Qg4 11. h3 Qxg2 12. Rh2 Qxh2 13. Nxh2 Nxe5 14. Bc2 Bd7 15. f4 N5c6 16. Be3 h5 17. Qe2 Na5 18. Bd4 f6 19. 0-0-0 Nac6 20. Bc5 b6 21. Ba3 Kf7 22. c4 Rad8 23. f5 Nxf5 24. Bxf5 exf5 25. cxd5 Ne5 26. Nf3 Rhe8 27. Nxe5+ Rxe5 28. Qxh5+ 1-0

[Event "Cheliabinsk Region-ch op"]
[Site "Cheliabinsk"]
[Date "2008.08.10"]
[Round "2"]
[White "Baisalova, Aigul"]
[Black "Safronov, Sergey"]
[Result "1/2-1/2"]
[WhiteElo "2075"]
[BlackElo "2241"]
[PlyCount "20"]
[EventDate "2008.08.03"]
[EventType "swiss"]
[EventRounds "9"]
[EventCountry "RUS"]
[SourceTitle "EXT 2022"]
[Source "ChessBase"]
[SourceDate "2021.10.06"]
[SourceVersion "1"]
[SourceVersionDate "2021.10.06"]
[SourceQuality "1"]

1. e4 e5 2. Nf3 Nf6 3. Nxe5 d6 4. Nf3 Nxe4 5. Qe2 Qe7 6. d3 Nf6 7. Bg5 Qxe2+ 8. Bxe2 Be7 9. Nc3 Be6 10. 0-0 0-0 1/2-1/2

[Event "Cheliabinsk-ch (Women)"]
[Site "Cheliabinsk"]
[Date "2008.01.22"]
[Round "8"]
[White "Simonova, Tatiana"]
[Black "Baisalova, Aigul"]
[Result "0-1"]
[WhiteElo "1969"]
[BlackElo "2075"]
[PlyCount "60"]
[EventDate "2008.01.10"]
[EventType "tourn"]
[EventRounds "11"]
[EventCountry "RUS"]
[SourceTitle "EXT 2010"]
[Source "ChessBase"]
[SourceDate "2010.11.25"]
[SourceVersion "1"]
[SourceVersionDate "2010.11.25"]
[SourceQuality "1"]

1. e4 c5 2. f4 e6 3. Nf3 a6 4. c3 d5 5. e5 Nc6 6. d4 Qb6 7. Na3 cxd4 8. Nxd4 Nxd4 9. Qxd4 Bc5 10. Qd2 Nh6 11. b4 Be7 12. Nc2 Nf5 13. Bd3 Nh4 14. a3 Bd7 15. Nd4 a5 16. Bb2 0-0 17. Qf2 axb4 18. cxb4 Ng6 19. Ne2 Bxb4+ 20. axb4 Qxb4+ 21. Nc3 d4 22. Rxa8 Rxa8 23. 0-0 dxc3 24. Bc1 Bb5 25. Qb6 Ra5 26. Be3 Qa4 27. Qd8+ Be8 28. Bc2 Ra8 29. Qd1 Qc6 30. Rf3 h6 0-1

[Event "Kharkov Femida (Women)"]
[Site "Kharkov"]
[Date "2005.10.23"]
[Round "8"]
[White "Karlovich, Anastazia"]
[Black "Baisalova, Aigul"]
[Result "1-0"]
[WhiteElo "2277"]
[BlackElo "2158"]
[PlyCount "79"]
[EventDate "2005.10.16"]
[EventType "tourn"]
[EventRounds "11"]
[EventCountry "UKR"]
[SourceTitle "EXT 2006"]
[Source "ChessBase"]
[SourceDate "2005.11.24"]
[SourceVersion "1"]
[SourceVersionDate "2005.11.24"]
[SourceQuality "1"]

1. e4 c5 2. Nf3 e6 3. c3 d5 4. exd5 Qxd5 5. d4 Nf6 6. Na3 Qd8 7. Nc4 cxd4 8. Qxd4 Qxd4 9. Nxd4 Bd7 10. Bf4 Nd5 11. Nd6+ Bxd6 12. Bxd6 Nc6 13. 0-0-0 Nxd4 14. Rxd4 Bc6 15. c4 Ne7 16. Ba3 f6 17. Bd3 Kf7 18. Re1 g6 19. Rd6 e5 20. Be4 Bxe4 21. Rxe4 Rhd8 22. f4 Nc6 23. fxe5 Nxe5 24. Red4 Rxd6 25. Bxd6 Ke6 26. c5 h5 27. Kd2 Rc8 28. Rb4 Rd8 29. Rxb7 Nc4+ 30. Kc3 Nxd6 31. cxd6 Rxd6 32. Rxa7 g5 33. b4 Rc6+ 34. Kd3 h4 35. b5 Rc1 36. a4 g4 37. b6 Rb1 38. a5 h3 39. gxh3 gxh3 40. b7 1-0